[Event "18th Bangkok Open 2018"]
[Site "Bangkok"]
[Date "2018.04.21"]
[Round "9"]
[White "Nie, Xinyang"]
[Black "Tran, Tuan Minh"]
[Result "0-1"]
[WhiteElo "2334"]
[BlackElo "2514"]
[Annotator "TA"]
[PlyCount "64"]
[EventDate "2018.??.??"]
[EventType "swiss"]
[EventCountry "THA"]
[SourceTitle "playchess.com"]
[Source "ChessBase"]
[SourceQuality "1"]

{[%evp 16,64,6,6,24,0,1,-8,0,1,0,-7,11,-7,0,-22,-21,-31,-27,-47,-45,-47,-52,-64,-68,-118,-88,-144,-137,-176,-168,-308,-295,-573,-575,-557,-560,-581,-574,-691,-604,-635,-658,-897,-886,-1231,-1217,-1003,-967,-29995,-29996]} 1. d4 Nf6 2. Nf3 e6 3. Bf4 b6 4. e3 Bb7 5. Bd3 Be7 6. h3 O-O 7. O-O c5 8. Nbd2 d5 9. c3 {LiveBook: 47 Games} Bd6 {D02: 1 d4 d5 2 Nf3 sidelines, including 2...Nf6 3 g3 and 2...Nf6 3 Bf4} (9... Nbd7 10. Ne5 Rc8 11. Qf3 Nxe5 12. Bxe5 Nd7 13. Bh2 f5 14. Qe2 c4 15. Bc2 b5 16. a3 Qb6 17. Kh1 a5 18. f3 {0-1 (65) Nagle,S (2432)-Le,Q (2737) chess.com INT 2018}) 10. Bxd6 Qxd6 11. Ne5 Ba6 $146 {The position is equal.} ({Predecessor:} 11... Nc6 12. f4 Ne7 13. Qf3 Nd7 14. a4 f6 15. Qh5 g6 16. Nxg6 hxg6 17. Bxg6 Nxg6 18. Qxg6+ Kh8 19. Qh6+ Kg8 20. Qg6+ {½-½ (20) Burkhardt,H-Opitz,P (1938) GER email 2012}) 12. Bxa6 Nxa6 13. a3 Nc7 {[%cal Ba6c7,Bc7e8,Be8d6,Bd6b5,Bb5c3][%mdl 32]} 14. f4 Qe7 15. Qe2 Nce8 16. Nd3 Nd6 17. dxc5 bxc5 18. b4 c4 19. Nc5 Rfc8 20. g4 Nb5 21. Rfc1 {[#]} ({White should try} 21. Qe1) 21... a5 $1 $17 {Strongly threatening ...Nxc3!} 22. g5 Ne8 {...Nxc3! is the strong threat.} 23. e4 {[#]} (23. Qe1 {might work better.}) 23... Nxc3 $1 $19 {[%mdl 512]} 24. Qf3 $2 (24. Qe3 d4 25. Qf3) (24. Rxc3 axb4) 24... axb4 25. axb4 Na2 26. exd5 Nxc1 27. d6 Qd8 28. Rxc1 {With the idea d7.} Nxd6 29. Nxc4 Nxc4 30. Rxc4 Ra2 {( -> ...Qd2)} 31. Kf1 g6 32. Nb7 Rxc4 {Precision: White = 12%, Black = 83%.} 0-1

[Event "18th Bangkok Open 2018"]
[Site "Bangkok"]
[Date "2018.04.21"]
[Round "9"]
[White "Raja Rithvik R"]
[Black "Melkumyan, Hrant"]
[Result "1/2-1/2"]
[WhiteElo "2280"]
[BlackElo "2669"]
[Annotator "TA"]
[PlyCount "84"]
[EventDate "2018.??.??"]
[EventType "swiss"]
[EventCountry "THA"]
[SourceTitle "playchess.com"]
[Source "ChessBase"]
[SourceQuality "1"]

{[%evp 22,84,-42,-117,-103,-95,-99,-100,-97,-95,-104,-192,-127,-111,-132,-133,-74,-115,-105,-134,-149,-283,-183,-174,0,0,0,0,-13,-307,36,62,48,0,0,0,0,0,15,12,27,28,129,131,249,269,260,81,92,77,30,0,137,59,270,140,191,93,326,345,379,337,452,482,462]} 1. Nf3 Nf6 2. c4 g6 3. Nc3 Bg7 4. e4 d6 5. d4 O-O 6. h3 Na6 7. Be3 c5 8. d5 e6 9. Bd3 exd5 10. exd5 Nb4 {E90: King's Indian: Classical: Early deviations and 6 h3} 11. Bb1 b5 12. cxb5 {LiveBook: 3 Games} (12. a3 $15 Qa5 13. O-O bxc4 14. Bf4) 12... Bb7 {[%cal Rf6d5] Black is better.} 13. O-O Nfxd5 14. Bd2 {[#]} Re8 $146 ({Predecessor:} 14... a6 15. bxa6 Rxa6 16. Nxd5 Nxd5 17. Bd3 Ra7 18. Rb1 Rxa2 {0-1 (76) Pushkov,N (2445)-Kokarev,D (2583) Moscow 2011}) 15. Re1 Qd7 16. a4 (16. a3 $17 Nxc3 17. Bxc3 Bxc3 18. bxc3) 16... Rxe1+ (16... Nb6 $19 17. Ng5 Nc4) 17. Nxe1 $17 Re8 18. Nd3 Bd4 ({Black should try} 18... Nb6 $1 19. Nxb4 cxb4) 19. Nxb4 Nxb4 (19... cxb4 20. Nxd5 Bxd5 21. Ba2 $11) 20. Bf4 Qe7 21. Kf1 (21. Bd2 $17) 21... Qe6 22. Qd2 Nd5 $2 (22... Bg7 $19 23. a5 d5) 23. Ba2 $11 Qf5 24. Bxd5 Bxd5 25. Bxd6 $2 {[%mdl 8192] [#]} (25. Kg1 $11 {and White is okay.}) 25... Be3 $2 ({Black should play} 25... Re2 $1 $19 {[%mdl 512]} 26. Qxe2 (26. Kxe2 $2 {is the wrong capture.} Qxf2+ 27. Kd3 Bc4+ 28. Kc2 Bb3+ 29. Kxb3 Qxd2 $19) (26. Nxe2 Qxf2#) 26... Bc4) 26. Qe1 $14 Bb7 27. Kg1 Qg5 {[%csl Gb7][%cal Rg5g2]} 28. Qf1 Bd4 29. Rd1 Re6 30. Bg3 $1 h5 {...Rf6 is the strong threat.} 31. Ne2 $36 {[%mdl 2048] White has the initiative.} h4 (31... Bxb2 $11 32. Rd7 Re7) 32. Bf4 $1 $16 {[%cal Rf4g5]} ({Much less strong is} 32. Nxd4 $6 cxd4 33. Bb8 Bf3 $11) 32... Qd5 {[#]} (32... Qf6 $16) 33. Be3 $1 $18 {[%mdl 512]} Rxe3 (33... Bxe3 34. Rxd5) 34. Nxd4 $2 (34. fxe3 $18 Bxe3+ 35. Kh1) 34... Re8 $16 35. Nc6 Qe4 36. Nxa7 {Threatens to win with a5.} Bd5 (36... Qxa4 $11 37. Ra1 Qb4) 37. f3 (37. Ra1 $1 $16) 37... Qe3+ $2 (37... Qxa4 $14 38. Rxd5 Qxa7) 38. Qf2 (38. Kh1 $18 Bb3 39. Ra1) 38... Qb3 {[#]} 39. Qd2 (39. Ra1 $1 $18 {and the rest is easy.}) 39... Bxf3 $2 (39... Qxa4 $16 40. Qxd5 Qxa7) 40. gxf3 $18 Qxf3 {[#] Strongly threatening ...Re2.} 41. Rf1 $1 {[%cal Rf1f3]} Qxh3 42. Qf4 Qb3 {[%mdl 32768] Precision: White = 43%, Black = 27%. . An unexpected result.} 1/2-1/2

[Event "18th Bangkok Open 2018"]
[Site "Bangkok"]
[Date "2018.04.21"]
[Round "9"]
[White "Andyka, Pitra"]
[Black "Deepan Chakkravarthy J."]
[Result "0-1"]
[WhiteElo "2213"]
[BlackElo "2499"]
[Annotator "TA"]
[PlyCount "102"]
[EventDate "2018.??.??"]
[EventType "swiss"]
[EventCountry "THA"]
[SourceTitle "playchess.com"]
[Source "ChessBase"]
[SourceQuality "1"]

{[%evp 18,102,26,31,72,-17,-7,-21,-11,-33,-9,-12,12,0,17,-30,168,168,347,116,183,188,275,235,229,227,221,0,0,0,0,0,0,0,164,0,34,-5,0,-6,0,-87,-56,-85,-56,-75,-45,-158,-43,-109,-60,-147,-147,-193,-193,-191,-212,-206,-195,-204,-197,-207,0,-195,-193,-269,-247,-482,-373,-478,-445,-482,-475,-510,-502,-521,-506,-479,-417,-477,-470,-887,-842,-29982,-29982,-29992,-29993]} 1. e4 c5 2. Nf3 d6 3. d4 cxd4 4. Qxd4 a6 5. Bc4 Nc6 6. Qd3 {B53: Sicilian: 2...d6: Lines with Qxd4} e6 7. Nc3 Nf6 8. Bf4 b5 9. Bb3 Bb7 10. O-O-O {[%cal Ba1d1,Bd1d3,Bd3d4][%mdl 32] LiveBook: 4 Games} Qb6 11. Qe2 (11. Ng5 $16) 11... Na5 $11 12. e5 $146 ({Predecessor:} 12. Rhe1 Be7 13. Nd5 Nxb3+ 14. axb3 exd5 15. exd5 {½-½ (27) Zhigalko,S (2668)-Feller,S (2579) Moscow 2010}) 12... dxe5 13. Nxe5 Nxb3+ 14. axb3 Bb4 15. Rd3 Rc8 16. Rhd1 Qa5 $2 (16... O-O $11 {and Black is okay.}) 17. Kb1 $18 Bxc3 $2 (17... Be7) 18. bxc3 $2 (18. Nxf7 $1 $18 {is the precise move to win.} O-O 19. Nd6) 18... Be4 (18... O-O $16 {keeps fighting.}) 19. Rd4 $1 {[%cal Rd4e4]} Bg6 (19... O-O {was called for.}) 20. Nxg6 hxg6 21. Bd6 $1 Qxc3 22. Bb4 $2 (22. g4 $1 $18) 22... Nd5 $11 23. R1d3 Qxb4 $1 24. Rxb4 Nxb4 25. Rd2 {next Qe4 is good for White.} Rxh2 $2 {[#]} (25... O-O $11 {and Black stays safe.}) 26. Qf3 $2 ({Better is} 26. Qe4 $1 $18 {[%cal Re4b4]} Nc6 27. Rd6) 26... Nd5 27. g3 Rc3 28. Rd3 Rxd3 29. cxd3 {[%mdl 4096] Endgame KQ-KRN} (29. Qxd3 $11 Rxf2 30. c4) 29... Ke7 30. Kb2 b4 31. Kc2 g5 32. d4 {[#]} (32. Kd2 $15) 32... Rh8 (32... g4 $1 $17 33. Qe2 (33. Qxg4 Ne3+) 33... g6) 33. Qd3 (33. Qg4 $15) 33... Rc8+ 34. Kd2 ({White should play} 34. Kb2 $15) 34... Rc3 $17 35. Qxa6 Rxb3 36. Qa7+ Kf6 37. Qb8 Rb2+ 38. Ke1 Rb1+ 39. Ke2 Rb2+ 40. Ke1 $1 {intending Qe5+.} Kg6 41. f4 (41. Qc8 $142 Rb1+ 42. Kd2) 41... Rb3 $19 42. Kf2 $2 (42. fxg5 Rd3 43. Kf2) 42... gxf4 43. gxf4 Rh3 44. Qb7 {Now f5+ and White clings on.} Rh5 45. Kg3 Rf5 46. Qb5 Rxf4 47. Qd3+ Kf6 48. Qc4 Re4 49. Kf3 (49. Qc2 $142 Rg4+ 50. Kh2) 49... Re3+ 50. Kg4 Kg6 51. Kh4 Kh6 {Precision: White = 31%, Black = 37%.} 0-1

[Event "18th Bangkok Open 2018"]
[Site "Bangkok"]
[Date "2018.04.21"]
[Round "9"]
[White "Wang, Shixu B"]
[Black "Flores, Diego"]
[Result "0-1"]
[WhiteElo "2123"]
[BlackElo "2601"]
[Annotator "TA"]
[PlyCount "136"]
[EventDate "2018.??.??"]
[EventType "swiss"]
[EventCountry "THA"]
[SourceTitle "playchess.com"]
[Source "ChessBase"]
[SourceQuality "1"]

{[%evp 23,136,23,30,22,33,6,10,4,11,-16,0,1,26,19,16,0,22,0,12,-3,-10,-9,-5,-8,-25,-25,0,-39,0,-12,-9,-26,-37,-21,-23,-14,0,0,0,0,0,0,0,-255,-247,-251,-251,-244,-218,-218,-217,-280,-181,-179,-168,-190,-193,-194,-157,-196,-191,-185,-195,-193,-157,-198,-193,-217,-217,-217,-220,-269,-264,-247,-231,-273,-272,-265,-265,-261,-260,-310,-310,-315,-310,-314,-299,-285,-268,-266,-329,-29973,-29975,-29975,-29976,-29976,-29977,-29977,-29978,-29978,-29979,-29979,-29980,-29980,-29981,-29985,-29986,-29986,-29978,-29978,-29979,-29980,-29981,-29982,-29983]} 1. d4 Nf6 2. Nf3 e6 3. Bf4 b6 4. e3 Bb7 5. Nbd2 Be7 6. h3 O-O 7. Bd3 c5 8. c3 cxd4 9. exd4 d6 10. O-O Nbd7 {A47: 1 d4 Nf6 2 Nf3 b6: Torre, London and Colle Systems} 11. Re1 (11. Qe2 a6 12. a4 Re8 13. Bh2 h6 14. Rfe1 Bf8 15. Nc4 Qc7 16. Ne3 Nd5 17. Nxd5 Bxd5 18. Bxa6 Bxf3 19. gxf3 {1-0 (34) Carlsen,M (2837)-Akobian,V (2647) Riadh 2017}) 11... Re8 12. Bh2 Qc7 {LiveBook: 5 Games. White has an edge.} 13. Qc2 Bf8 14. Rad1 a6 15. Ng5 {[%cal Rd3h7]} g6 16. Ndf3 $146 ({Predecessor:} 16. Nde4 Nxe4 17. Bxe4 {½-½ (51) Yurtseven,M (2366)-Irizanin,R (2394) Valjevo 2017}) 16... Qc6 17. a4 Rac8 18. Qb3 Qc7 19. Qc2 Bg7 20. Qb3 Bd5 21. Qc2 b5 22. axb5 axb5 23. Nd2 Qc6 24. Nge4 Bxe4 25. Bxe4 d5 26. Bd3 b4 {[%cal Rb4c3]} 27. Rc1 Bh6 28. Qd1 bxc3 29. bxc3 Nb6 30. Rc2 Qa4 31. Qb1 Rxc3 32. Rxc3 Bxd2 33. Rb3 $2 {[%mdl 8192]} (33. Bb5 $11 {and White stays safe.} Qa5 34. Rb3 Bxe1 35. Bxe8) 33... Bxe1 $19 34. Rxb6 {[#] Strongly threatening Be5.} Qxd4 35. Rb2 Bc3 36. Ra2 e5 {[%cal Be6e5,Be5e4][%mdl 32]} 37. Kh1 Qb4 38. Qxb4 Bxb4 39. Bb5 Re7 40. f3 e4 41. Ra4 Bc5 42. Ra8+ Kg7 43. Rc8 Bb4 44. Kg1 Re6 45. Kf2 Bd6 46. Bxd6 Rxd6 47. fxe4 Nxe4+ {[%mdl 4096] Endgame KRB-KRN} 48. Ke3 Re6 49. Kd4 Nd6 50. Rc5 Nxb5+ 51. Rxb5 {KR-KR} Re2 52. g3 h5 53. Rb3 Rd2+ 54. Ke5 d4 55. Ke4 Rd1 56. h4 {[#]} d3 $1 57. Rxd3 $2 (57. Kd4 $19) 57... Rxd3 {Black mates.} 58. Kxd3 {K3P-KPP} Kf6 59. Ke4 Ke6 60. Kf4 Kd5 61. Kf3 Ke5 62. Ke3 Kf5 63. Kf3 f6 64. g4+ hxg4+ 65. Kg3 g5 66. h5 Ke6 67. Kxg4 Kf7 68. Kf5 Kg7 {Precision: White = 36%, Black = 67%.} 0-1